| 000 | 00836nas a2200289 4500 | ||
|---|---|---|---|
| 001 | BR8303483 | ||
| 003 | BR-BrBNA | ||
| 005 | 20231205085559.0 | ||
| 007 | ta | ||
| 008 | 230509b bl.|||p| |||| 00| 00por d | ||
| 040 |
_aBR-BrBNA _bpor _cBiblioteca Nacional de Agricultura |
||
| 041 | _a(Pt) | ||
| 072 | _aS00; S10; S30 | ||
| 100 | 1 | _aSalgado, J.M. | |
| 100 | 1 | _aSantos, A.C. | |
| 245 | 1 | _aAvaliacao biologica de misturas a base da proteina vegetal de arroz, feijao e milho [Brasil] | |
| 650 | _aARROZ | ||
| 650 | _aFEIJAO | ||
| 650 | _aMILHO | ||
| 650 | _aPROTEINA VEGETAL | ||
| 650 | _aDIETA | ||
| 650 | _aANALISE QUIMICA | ||
| 650 | _aVALOR NUTRITIVO | ||
| 773 | 0 |
_tAlimentacao (Brazil) _xISSN 0100-9397 _g(Aug 1981), (no. 55) p. 20-22 _wBR8303483 |
|
| 909 |
_a202311 _bLúcia _c55 _dLúcia Elande |
||
| 942 |
_2AGRIS _n0 _cANA |
||
| 999 |
_c112359 _d112359 |
||